| 000 | 00719nam a22001937a 4500 | ||
|---|---|---|---|
| 999 |
_c196575 _d196575 |
||
| 005 | 20230717123605.0 | ||
| 010 | _aUR-12070 | ||
| 020 |
_a9789383239382 _c250.00 |
||
| 035 | _aU-10625 | ||
| 037 | _bDBAD/PUB | ||
| 082 | _a841 | ||
| 100 | _aشاہ رشاد عثمانی | ||
| 245 |
_aخیابان خیال : _bمکتوبات مولانا طیب عثمانی ندوی / _cشاہ رشاد عثمانی |
||
| 246 |
_aKhayaban-e-Khayal: Maktoobat Maulana Tayyib Usmani Nadvi / _bby Shah Rashad Usmani |
||
| 260 |
_aNew Delhi _bApplied Books _c2016 ء |
||
| 270 |
_a1739/10, New Kohinoor Hotel, Pataudi House, Darya Ganj _bNew Delhi _e2 |
||
| 300 |
_a232 ص _c22cm(Hb) |
||
| 942 |
_2ddc _cUR _h841 _mش ا ہ |
||